A series of unfortunate events / (Record no. 109259)
[ view plain ]
| 000 -LEADER | |
|---|---|
| fixed length control field | 00785nam a2200193 a 4500 |
| 005 - DATE AND TIME OF LATEST TRANSACTION | |
| control field | 20140414093840.0 |
| 008 - FIXED-LENGTH DATA ELEMENTS--GENERAL INFORMATION | |
| fixed length control field | 071002s19uu xx 00 eng d |
| 050 ## - LIBRARY OF CONGRESS CALL NUMBER | |
| Classification number | DVD 790 |
| Item number | SNI 2005 |
| 100 ## - MAIN ENTRY--PERSONAL NAME | |
| Personal name | Snicket, Lemony |
| 245 ## - TITLE STATEMENT | |
| Title | A series of unfortunate events / |
| Statement of responsibility, etc | Lemony Snicket. |
| 260 ## - PUBLICATION, DISTRIBUTION, ETC. (IMPRINT) | |
| Place of publication, distribution, etc | Sl : |
| Name of publisher, distributor, etc | Dream Works Home Entertainment, |
| Date of publication, distribution, etc | c2005. |
| 300 ## - PHYSICAL DESCRIPTION | |
| Extent | 1 video disk (105.53 min.) |
| 500 ## - GENERAL NOTE | |
| General note | Cast: Carrey, Jim, 1962- |
| 520 ## - SUMMARY, ETC. | |
| Summary, etc | When their wealthy parents are killed in a fire, the three Summary: Baudelaire orphans, Klaus, Violet and Sunny, are sent to live with a distant relative, the evil Count Olaf. They soon find out that he is plotting to kill them and seize their fortune. |
| 650 ## - SUBJECT ADDED ENTRY--TOPICAL TERM | |
| Topical term or geographic name as entry element | Film adaptations. |
| 650 ## - SUBJECT ADDED ENTRY--TOPICAL TERM | |
| Topical term or geographic name as entry element | Film. |
| 942 ## - ADDED ENTRY ELEMENTS (KOHA) | |
| Koha item type | Audio Visual Materials |
| Withdrawn status | Lost status | Damaged status | Use restrictions | Home library | Current library | Shelving location | Date acquired | Source of acquisition | Total Checkouts | Full call number | Barcode | Date last seen | Price effective from | Koha item type |
|---|---|---|---|---|---|---|---|---|---|---|---|---|---|---|
| Luxembourg Library | Luxembourg Library | Audio Visual Material Section | 10/02/2007 | DVD 790 SNI 2005 | AV0893 | 04/14/2014 | 04/14/2014 | Audio Visual Materials |